000
00307nam a22001097a 4500
005
20251008142235.0
008
251008b |||||||| |||| 00| 0 eng d
040
_c
PK-LaNCA
082
_a
728.1
_b
RES
245
_a
Restructuring the city: International urban design comptitions for thessaloniki
942
_c
BK
999
_c
66894
_d
66894